| 000 | 00925nam a22002537a 4500 | ||
|---|---|---|---|
| 003 | OSt | ||
| 005 | 20230712125806.0 | ||
| 008 | 221006b |||||||| |||| 00| 0 eng d | ||
| 040 | _cBiblioteca Lado V | ||
| 082 |
_a700 _bA627t |
||
| 100 |
_9894 _aAntelo-Suarez, Sandra _eeditor |
||
| 245 | _aTrans/ | ||
| 260 |
_c1998 _bPassim _aNew York |
||
| 300 |
_c21x26cm _a150p. |
||
| 490 |
_v1998 _a5 |
||
| 505 |
_aProyecciones _tLas barreras del lenguaje Condiciones culturales La oficina |
||
| 505 | _aTelesimposio | ||
| 505 |
_aVisto, revisto y escrito _tRevisto Double Check Visita de Taller Pagina de artista |
||
| 650 |
_2Tesauro de Arte & Arquitectura _aARTE |
||
| 650 |
_2Tesauro de Arte & Arquitectura _aARTE CONTEMPORARIO |
||
| 650 |
_2Tesauro de Arte & Arquitectura _aCONDICIONES CULTURALES |
||
| 650 |
_2Tesauro de Arte & Arquitectura _aLENGUAJE |
||
| 942 |
_2ddc _c1 _h700 _iA627t _n0 |
||
| 999 |
_c4040 _d4040 |
||